| 000 | 01013cam a2200325 i 4500 | ||
|---|---|---|---|
| 001 | 31888 | ||
| 003 | Mx-PuUPA | ||
| 005 | 20250321094141.0 | ||
| 008 | 140415s2020 xxka dr 000 f eng d | ||
| 020 | _a9781847494139 | ||
| 040 |
_cMx-PuUPA _aMx-PuUPA _bspa _dMx-PuUPA _erda |
||
| 041 | 0 | _aeng | |
| 043 | _ae-uk-en | ||
| 100 | 1 |
_aAusten, Jane, _d1775-1817 _99320 _eautor |
|
| 245 | 1 | 0 |
_aEmma / _cJane Austen |
| 250 | _aDECIMOCUARTA | ||
| 264 | 1 |
_aUnited Kingdom : _bAlma Classics, _c2020 |
|
| 300 |
_a404 páginas : _bilustraciones ; _c20 cm |
||
| 336 |
_2rdacontent _atexto _btxt |
||
| 337 |
_2rdamedia _asin medio _bn |
||
| 338 |
_2rdacarrier _avolumen _bnc |
||
| 650 | 7 |
_2armarc _aMujeres jóvenes _vNovela |
|
| 650 | 7 |
_2armarc _aAmistad femenina _vNovela |
|
| 650 | 7 |
_2armarc _aPadres e hijas _vNovela |
|
| 651 | 4 |
_aInglaterra _vNovela |
|
| 651 | 4 |
_aInglaterra _xVida social y costumbres _ySiglo XIX _vNovela |
|
| 942 |
_2ddc _cLI _h823 _iA32 |
||
| 999 |
_c31888 _d31888 |
||